Mixed Word: Mystery Theme Quiz Stats

 Plays Quiz Updated Apr 24, 2012

Support Sporcle.
Go Orange.
Score 0/18 Timer 03:00
1 Play Today
Hint Answer % Correct
GODDog
99.3%
NILELine
97.6%
ETATSState
97.5%
NIEMMine
97.5%
REWAWear
96.5%
KEATTake
94.9%
NASTDStand
93.2%
LROWDWorld
91.1%
LODSSold
91.1%
Hint Answer % Correct
RCSOEScore
83.7%
DALVEUValued
81%
DRONGUGround
73.3%
VROECCover
71.9%
LVDEEDEPODeveloped
46%
Mystery Theme:Under
20.7%
TAMETESIEstimate
15%
LYMEETNPOMEmployment
9.4%
MASTENGRGarments
6.7%

From the Vault

Movie by Spoiler III

by DarkPhalanx

Movies 10m
You've been warned.
Remove Ads.
Support Sporcle.
Get the best of Sporcle when you Go Orange. This ad-free experience offers more features, more stats, and more fun while also helping to support Sporcle. Thank you for becoming a member.

Show Comments

Extras

Top Quizzes Today


Score Distribution

Your Account Isn't Verified!

In order to create a playlist on Sporcle, you need to verify the email address you used during registration. Go to your Sporcle Settings to finish the process.

Report this User

Report this user for behavior that violates our Community Guidelines.

Details: